Zoos de France - Carte Quiz - Statistiques

Statistiques générales
  • Ce quiz a été pris 181 fois
  • Le résultat moyen est 8 sur 17
Réponses sur la Carte
Les réponses sont colorées sur une échelle allant du rouge au vert en fonction du pourcentage des utilisateurs qui les ont devinées à leur premier essai. Vous pouvez retrouver ces pourcentages ci-dessous.
 
Statistiques - réponses
Réponse % Correct
ZooParc de Beauval
76%
Zoo de Vincennes
75%
Parc Animalier des Pyrénées
72%
Zoo de La Flèche
68%
Zoo d'Amnéville
58%
Zoo de la Palmyre
58%
Thoiry ZooSafari
48%
Le Pal parc zoologique
44%
Zoo de Doué-la-Fontaine
41%
La Ferme aux Crocodiles - Réserve Tropicale
40%
Réserve Africaine de Sigean
36%
Zoo de Cerza
33%
Parc des Félins / Lumigny Safari Réserve
30%
Safari de Peaugres
30%
Parc des Mamelles
28%
Parc Animalier de la Barben
24%
Zoo African Safari
16%
Aucun quiz correspondant
Distribution des résultats
% des personnes avec chaque résultat
Percentile par nombre de réponses
Votre historique - résultats
Vous n’avez pas pris ce quiz